书目信息 |
| 题名: |
不必杀身成仁:国民党重要将领改造纪实
|
|
| 作者: | 任海生 著 | |
| 分册: | ||
| 出版信息: | 北京 中国人民解放军出版社 1999 |
|
| 页数: | 345页 | |
| 开本: | 32开 | |
| 丛书名: | ||
| 单 册: | ||
| 中图分类: | I253.1 | |
| 科图分类: | ||
| 主题词: | 报告文学--中国 , 传记文学--中国 | |
| 电子资源: | ||
| ISBN: | 7-5065-3651-X | |
| 000 | 00650nam0 2200205 45 | |
| 001 | 0001151657 | |
| 005 | 20000115165443.8 | |
| 010 | @a7-5065-3651-X@d20.00元 | |
| 100 | @a20000115d1999 km y0chiy0120 ea | |
| 101 | 0 | @achi |
| 105 | @a z 000yy | |
| 200 | 1 | @a不必杀身成仁:国民党重要将领改造纪实@ABu Bi Sha Shen Cheng Ren:Guo Min Dang Zhong Yao Jiang Ling Gai Zao Ji Shi@f任海生著@FRen Hai Sheng Zhu |
| 210 | @a北京@c中国人民解放军出版社@d1999 | |
| 215 | @a345页@d32开 | |
| 606 | 0 | @a报告文学@x中国 |
| 606 | 0 | @a传记文学@x中国 |
| 690 | @aI253.1@v3 | |
| 701 | 0 | @a任海生@4著 |
| 801 | @aCN@bPftUser@c20000115 | |
| 905 | @b402212-214@dI253.1@eR784@f3 | |
| 不必杀身成仁:国民党重要将领改造纪实/任海生著.-北京:中国人民解放军出版社,1999 |
| 345页;32开 |
| ISBN 7-5065-3651-X:20.00元 |
| ● |
| 相关链接 |
|
|
|
正题名:不必杀身成仁:国民党重要将领改造纪实
索取号:I253.1/R784
 
预约/预借
| 序号 | 登录号 | 条形码 | 馆藏地/架位号 | 状态 | 备注 |
| 1 | 402212 | 204022128 | 社科二线400B/400B社科库 24排1列6层/ [索取号:I253.1/R784] | 在馆 | |
| 2 | 402213 | 204022137 | 文学库108/108文学库 67排8列5层/ [索取号:I253.1/R784] | 在馆 | |
| 3 | 402214 | 204022146 | 文学库108/108文学库 67排8列5层/ [索取号:I253.1/R784] | 在馆 |